LEADER 01096nam a2200265 i 4500 001 000000198490 003 CaOOAMICUS 005 20110303000000.0 008 110303s1965 it u000 u ita u 013 $a177178 040 $aSeMil$bita 100 1 $aVannini, Ottorino.$0(OLS)http://semarc/name/71838 245 10$aManuale di diritto processuale penale italiano /$cOttorino Vannini ; a cura del Dott. Giuseppe Cocciardi. 250 $a5. Edizione aggiornata. 260 $aMilano :$bGiuffrè,$c1965. 300 $aXII, 571 p. ;$c23 cm. 490 0 $aManuali Giuffrè 500 $aContiene : Appendice. 650 4$aDiritto processuale penale.$0(OLS)http://semarc/subject/37263 700 1 $aCocciardi, Giuseppe.$0(OLS)http://semarc/name/71839 830 0$aManuali Giuffrè.$0(OLS)http://semarc/title/32896 850 $aSeMil 852 $aSeMil$W1$xVenegono$y1$m3L III 180$j149046$B149046$CSeMilBibl$Z2$F160453 $81 996 $6245$aManuale di diritto processuale penale italiano$9(OLS)http://semarc/title/286839 996 $6260$aMilano :$bGiuffrè$9(OLS)http://semarc/publisher/29926 LEADER 01322nam a2200301 i 4500 001 000000105648 003 CaOOAMICUS 005 20020311000000.0 008 020311s2000 it u000 u ita u 013 $a77842 020 $a88-420-6114-X 040 $aSeMil$bita 100 1 $aLe Goff, Jacques,$d<1924-2014>.$0(OLS)http://semarc/name/5611 240 10$aSaint François d'Assise.$0(OLS)http://semarc/title/152969 245 10$aSan Francesco d'Assisi /$cJacques Le Goff ; con una postfazione di Jacques Dalarun. 260 $aRoma ; Bari :$bLaterza,$c2000. 300 $a208 p., [16] p. di tav. ;$c21 cm. 490 0 $aStoria e società 500 $aIn appendice : Cantico di frate Sole. - Contiene : Bibliografia. 600 04$aFrancesco : d'Assisi .$0(OLS)http://semarc/subject/1416 700 1 $aDalarun, Jacques <1952- >.$0(OLS)http://semarc/name/44505 830 0$aStoria e società.$0(OLS)http://semarc/title/2818 850 $aSeMil 852 $aSeMil$W1$xVenegono$y1$m3H IV 308$j61814$B61814$CSeMilBibl$Z2$F71269 $81 961 $aAcquisto: Mescat 996 $6020$a88-420-6114-X$9(OLS)http://semarc/number/85791 996 $6245$aSan Francesco d'Assisi$9(OLS)http://semarc/title/32006 996 $6260$aRoma ; Bari :$bLaterza$9(OLS)http://semarc/publisher/30305